00716nam a2200169Ia 4500008004100000020001800041050002300059100003200082240003800114245010000152260002300252300001000275500002700285650011700312952010000429999001700529121028s9999 xx 000 0 und d a970-647-691-1 aPC4065 O762 2002 aOropeza Martínez, Roberto aTaller de lectura y redacción 2 aTaller de lectura y redacción 2 : por los senderos de la ciencia / Roberto Oropeza Martínez aMéxico : Esfinge a152 p aIncluye bibliografía aEspañol - Estudio y enseñanza Español - Gramática Español - Composición y ejercicios Ì 00104070a14b14d2010-09-25l0oPC4065 O762 2002p14 000141r2012-10-28t1w2012-10-28yLB c85563d85563